Statistics for Car models. Name the Make. Nothing obscure.

Click here to take the quiz!

General Stats

  • This quiz has been taken 37 times
  • The average score is 9 of 15

Answer Stats

HintAnswer% Correct
Focus | GranadaFord
97%
DB5Aston Martin
77%
QuattroAudi
74%
PanameraPorsche
69%
HealeyAustin
66%
Grand AmPontiac
66%
CorsaVauxhall
60%
CornicheRolls Royce
57%
NSXAcura
51%
SamuraiSuzuki
46%
JaramaLamborghini
40%
GiuliaAlfa Romeo
37%
StratosLancia
34%
OxfordMorris
17%

Score Distribution

Percentile by Number Answered

Percent of People with Each Score

Your Score History

You have not taken this quiz